000
00274nam a2200133Ia 4500
100
_a
#N/A
650
_a
Computers
942
_c
BK
654
_a
MASTERING PAGE EMAKER
245
_a
MASTERING PAGE MAKER 5.0.
260
_b
B.P.B.PUBL.
082
_b
ALT
546
_a
ENGLISH
999
_c
23251
_d
23251